000
00313nam a2200121Ia 4500
008
231129s9999||||xx |||||||||||||| ||spa||
040
_b
spa
082
_a
193 N677ha
100
_a
Nietzche Friedrich
245
0
_a
Así habló Zarathustra
264
_a
Bogotá Colombia: La Oveja Negra; Sarpe
942
_2
ddc
_c
BKS
999
_c
5694
_d
5694